[Event "GRE-chT 50th"]
[Site "Nikaia"]
[Date "2023.08.30"]
[Round "7.2"]
[White "Liodakis, Konstantinos Spyros"]
[Black "Tsakiris, Haralambos"]
[Result "1/2-1/2"]
[WhiteElo "2186"]
[BlackElo "2171"]
[PlyCount "159"]
[EventDate "2023.08.25"]
[EventType "team"]
[EventRounds "9"]
[EventCountry "GRE"]
[SourceTitle "EXT 2024"]
[Source "ChessBase"]
[SourceDate "2023.10.10"]
[SourceVersion "1"]
[SourceVersionDate "2023.10.10"]
[SourceQuality "1"]
[WhiteTeam "Khanion"]
[BlackTeam "Pneemathlon"]
[WhiteTeamCountry "GRE"]
[BlackTeamCountry "GRE"]

1. e4 e5 2. d4 exd4 3. Qxd4 Nc6 4. Qe3 Nf6 5. Bd2 Bb4 6. Nc3 0-0 7. 0-0-0 Re8 8. f3 d6 9. Bc4 Ne5 10. Bb3 a5 11. a3 Bc5 12. Qe1 b5 13. Bg5 c6 14. Nge2 a4 15. Ba2 b4 16. axb4 Bxb4 17. Qh4 a3 18. b3 Ng6 19. Qf2 Ng4 20. fxg4 Qxg5+ 21. Kb1 Qe5 22. Qd4 Qxd4 23. Rxd4 Bc5 24. h3 Bxd4 25. Nxd4 Bb7 26. b4 c5 27. Nf5 Rad8 28. Nb5 Rxe4 29. Nbxd6 Rxb4+ 30. Ka1 c4 31. Bxc4 Rxc4 32. Nxc4 Bxg2 33. Rh2 Nf4 34. h4 Ra8 35. Ka2 Bd5 36. Ne7+ Kf8 37. Nxd5 Nxd5 38. Nxa3 Ne3 39. Kb3 Nxg4 40. Re2 Rb8+ 41. Kc4 f5 42. Nb5 f4 43. Nd4 Kf7 44. Re4 Ne3+ 45. Kd3 Ng2 46. c4 Rc8 47. Nf3 Kf6 48. Ke2 Ra8 49. Nd4 Ra2+ 50. Kf1 Ne3+ 51. Kg1 Rg2+ 52. Kh1 Rg4 53. Nf3 Nf5 54. Kh2 Nxh4 55. Nd4 Rg2+ 56. Kh3 g5 57. c5 Rg3+ 58. Kh2 Nf3+ 59. Nxf3 Rxf3 60. Rc4 Ke7 61. c6 Kd8 62. c7+ Kc8 63. Kg2 Re3 64. Rc5 h6 65. Rc6 Re7 66. Rxh6 Kxc7 67. Rg6 Re5 68. Kf3 Kd7 69. Kg4 Ke7 70. Ra6 Kf7 71. Rb6 Rc5 72. Ra6 Ke7 73. Rb6 Rd5 74. Ra6 Re5 75. Rb6 Re1 76. Kxg5 f3 77. Rb2 Re2 78. Rb1 f2 79. Rf1 Ke6 80. Kf4 1/2-1/2

[Event "GRE-chT 50th"]
[Site "Nikaia"]
[Date "2023.08.29"]
[Round "6.2"]
[White "Stoumbos, Konstantinos"]
[Black "Liodakis, Konstantinos Spyros"]
[Result "0-1"]
[WhiteElo "2117"]
[BlackElo "2186"]
[PlyCount "106"]
[EventDate "2023.08.25"]
[EventType "team"]
[EventRounds "9"]
[EventCountry "GRE"]
[SourceTitle "EXT 2024"]
[Source "ChessBase"]
[SourceDate "2023.10.10"]
[SourceVersion "1"]
[SourceVersionDate "2023.10.10"]
[SourceQuality "1"]
[WhiteTeam "Panionios"]
[BlackTeam "Khanion"]
[WhiteTeamCountry "GRE"]
[BlackTeamCountry "GRE"]

1. e4 e6 2. d4 d5 3. Nc3 Nf6 4. Bg5 Bb4 5. e5 h6 6. Be3 Ne4 7. Qg4 g6 8. a3 Bxc3+ 9. bxc3 c5 10. Bd3 h5 11. Qh3 Nxc3 12. dxc5 d4 13. Bd2 Qd5 14. Nf3 Nc6 15. 0-0 Bd7 16. Rfe1 0-0-0 17. Bg5 Rdf8 18. Qh4 Qxc5 19. Bf6 Rhg8 20. Ng5 Kb8 21. Ne4 Nxe4 22. Qxe4 Na5 23. Reb1 Bc6 24. Qe2 Rc8 25. Rb4 Rc7 26. h4 Rgc8 27. Rab1 b6 28. Qd2 Bb7 29. a4 Qd5 30. Qg5 Ka8 31. f3 Nc4 32. Qf4 Na3 33. Rxd4 Qc5 34. Rbb4 Qc3 35. Kh2 Nxc2 36. Bxc2 Qxc2 37. a5 bxa5 38. Rb5 Qe2 39. Rb1 Rc2 40. Rg1 Qxf3 41. Qxf3 Bxf3 42. Rd7 a4 43. Be7 Bc6 44. Rd3 Bd5 45. Kg3 R8c4 46. Kh3 Rg4 47. g3 Re4 48. g4 Rxe5 49. gxh5 gxh5 50. Bd6 Ree2 51. Rg7 Be4 52. Rg8+ Kb7 53. Rb8+ Kc6 0-1

[Event "EU-ch Rapid"]
[Site "Katowice"]
[Date "2021.12.19"]
[Round "9"]
[White "Kjartansson, Gudmundur"]
[Black "Liodakis, Konstantinos Spyros"]
[Result "1-0"]
[WhiteElo "2460"]
[BlackElo "2200"]
[PlyCount "77"]
[EventDate "2021.12.18"]
[EventType "swiss (rapid)"]
[EventRounds "11"]
[EventCountry "POL"]
[SourceTitle "CBM 205 Extra"]
[Source "ChessBase"]
[SourceDate "2022.01.31"]
[SourceVersion "1"]
[SourceVersionDate "2022.01.31"]
[SourceQuality "1"]

1. c4 Nf6 2. Nc3 g6 3. e4 d6 4. d4 Bg7 5. h3 0-0 6. Be3 e5 7. d5 Nh5 8. Be2 Nf4 9. Bf3 g5 10. g3 Ng6 11. Qd2 h6 12. h4 g4 13. Be2 h5 14. f3 f5 15. exf5 Bxf5 16. fxg4 hxg4 17. 0-0-0 Na6 18. Rf1 Qd7 19. h5 Ne7 20. h6 Bf6 21. Bg5 Nc5 22. Rh4 Ng6 23. Bxf6 Rxf6 24. Rxg4 Raf8 25. Qg5 Kh7 26. b4 Bxg4 27. Rxf6 Rxf6 28. Qxf6 Bxe2 29. Ngxe2 Nd3+ 30. Kd2 Nxb4 31. Ne4 Qe7 32. Qf5 Kxh6 33. g4 Qf8 34. g5+ Kg7 35. Nf6 Qf7 36. Ng3 Na6 37. Ngh5+ Kh8 38. Qc8+ Nf8 39. g6 1-0

[Event "EU-ch Blitz"]
[Site "Katowice"]
[Date "2021.12.17"]
[Round "16"]
[White "Pultinevicius, Paulius"]
[Black "Liodakis, Konstantinos Spyros"]
[Result "1-0"]
[WhiteElo "2546"]
[BlackElo "2200"]
[PlyCount "97"]
[EventDate "2021.12.17"]
[EventType "swiss (blitz)"]
[EventRounds "22"]
[EventCountry "POL"]
[SourceTitle "CBM 205 Extra"]
[Source "ChessBase"]
[SourceDate "2022.01.31"]
[SourceVersion "1"]
[SourceVersionDate "2022.01.31"]
[SourceQuality "1"]

1. Nf3 Nf6 2. b3 g6 3. Bb2 Bg7 4. e3 0-0 5. d4 c5 6. dxc5 Qa5+ 7. c3 Qxc5 8. Ba3 Qb6 9. Bxe7 Re8 10. Bxf6 Bxf6 11. Be2 Nc6 12. 0-0 d5 13. Nd4 Ne5 14. Nd2 Bd7 15. Rc1 Rac8 16. N2f3 Ng4 17. Qd2 h5 18. Rfd1 Bg7 19. c4 Nf6 20. cxd5 Rxc1 21. Rxc1 Nxd5 22. Bc4 Nf6 23. Ng5 Re7 24. Ndf3 Bc6 25. Nxf7 Ne4 26. N7g5+ Kh8 27. Nxe4 Bxe4 28. Ng5 Bf5 29. Qd5 Re8 30. Rd1 Qf6 31. h4 Rf8 32. Qxb7 Bc8 33. Nf7+ Kh7 34. Qxa7 Qc6 35. Ng5+ Kh8 36. Rd8 Rxd8 37. Nf7+ Kh7 38. Nxd8 Qf6 39. Nf7 Qxh4 40. Qb8 Qg4 41. f4 h4 42. Ng5+ Kh6 43. Qd6 Bb7 44. Bf1 Qf5 45. Qe6 Qf8 46. Nf7+ Kh7 47. Bd3 Qc5 48. Qxg6+ Kg8 49. Nh6+ 1-0

[Event "GRE-chT 47th"]
[Site "Patras"]
[Date "2019.07.05"]
[Round "6.5"]
[White "Liodakis, Konstantinos Spyros"]
[Black "Korlotsidis, Spiridon"]
[Result "1-0"]
[WhiteElo "2212"]
[BlackElo "2055"]
[PlyCount "73"]
[EventDate "2019.07.02"]
[EventType "team-swiss"]
[EventRounds "7"]
[EventCountry "GRE"]
[SourceTitle "CBM 191 Extra"]
[Source "ChessBase"]
[SourceDate "2019.09.30"]
[SourceVersion "1"]
[SourceVersionDate "2019.09.30"]
[SourceQuality "1"]
[WhiteTeam "Chania SA"]
[BlackTeam "Peristeriou SH"]
[WhiteTeamCountry "GRE"]
[BlackTeamCountry "GRE"]

1. e4 c5 2. Nf3 d6 3. d4 cxd4 4. Nxd4 Nf6 5. Nc3 g6 6. Be3 Bg7 7. f3 Nc6 8. Qd2 0-0 9. 0-0-0 Nxd4 10. Bxd4 Be6 11. g4 Qa5 12. Kb1 Rfc8 13. a3 a6 14. h4 b5 15. h5 b4 16. Ne2 Qa4 17. Nc1 bxa3 18. b3 Rab8 19. Rh2 a2+ 20. Ka1 Qa3 21. h6 Bh8 22. g5 Nd7 23. Bxh8 Kxh8 24. Qd4+ f6 25. gxf6 Nxf6 26. Rhd2 Qc5 27. Qb2 Qh5 28. Rxd6 Qxf3 29. Rxe6 Qxd1 30. Rxf6 Kg8 31. Rxg6+ Kf8 32. Rg8+ Kf7 33. Rxc8 Rxc8 34. Bc4+ Ke8 35. Be6 Rc3 36. Qxc3 Qxc1+ 37. Kxa2 1-0

[Event "EU-Cup 34th"]
[Site "Porto Carras"]
[Date "2018.10.18"]
[Round "7.2"]
[White "Liodakis, Konstantinos Spyros"]
[Black "Makolli, Perparim"]
[Result "1-0"]
[WhiteElo "2182"]
[BlackElo "2284"]
[PlyCount "37"]
[EventDate "2018.10.12"]
[EventType "team-swiss"]
[EventRounds "7"]
[EventCountry "GRE"]
[SourceTitle "CBM 187"]
[Source "ChessBase"]
[SourceDate "2018.12.11"]
[SourceVersion "1"]
[SourceVersionDate "2018.12.11"]
[SourceQuality "1"]
[WhiteTeam "Chania Chess Academy"]
[BlackTeam "Drejtesia"]
[WhiteTeamCountry "GRE"]
[BlackTeamCountry "KOS"]

1. e4 c5 2. Nf3 Nc6 3. d4 cxd4 4. Nxd4 Nf6 5. Nc3 d6 6. Bg5 e6 7. Qd2 Be7 8. 0-0-0 0-0 9. f4 Nxd4 10. Qxd4 Qa5 11. h4 h6 12. Be2 hxg5 13. hxg5 Nh7 14. Rh5 Nxg5 15. Rdh1 f6 16. fxg5 fxg5 17. Rh8+ Kf7 18. Bh5+ g6 19. Rf1+ 1-0

[Event "EU-Cup 34th"]
[Site "Porto Carras"]
[Date "2018.10.16"]
[Round "5.2"]
[White "Liodakis, Konstantinos Spyros"]
[Black "Vedder, Richard"]
[Result "1-0"]
[WhiteElo "2182"]
[BlackElo "2288"]
[PlyCount "49"]
[EventDate "2018.10.12"]
[EventType "team-swiss"]
[EventRounds "7"]
[EventCountry "GRE"]
[SourceTitle "CBM 187"]
[Source "ChessBase"]
[SourceDate "2018.12.11"]
[SourceVersion "1"]
[SourceVersionDate "2018.12.11"]
[SourceQuality "1"]
[WhiteTeam "Chania Chess Academy"]
[BlackTeam "En Passant"]
[WhiteTeamCountry "GRE"]
[BlackTeamCountry "NED"]

1. e4 e5 2. Nc3 Nf6 3. Bc4 Nxe4 4. Qh5 Nd6 5. Bb3 Be7 6. Qxe5 0-0 7. Nge2 Nc6 8. Qf4 Bg5 9. Qf3 Ne5 10. Qg3 Re8 11. d4 Bxc1 12. Rxc1 Nec4 13. 0-0 Nxb2 14. Nf4 c6 15. Rb1 Nbc4 16. Bxc4 Nxc4 17. Rfe1 Rf8 18. Nh5 g6 19. Ne4 d5 20. Nef6+ Kh8 21. Qg5 gxh5 22. Qh6 Bf5 23. Nxh5 Rg8 24. Re8 Qg5 25. Qxg5 1-0

[Event "Kavala op 27th"]
[Site "Kavala"]
[Date "2018.08.09"]
[Round "7"]
[White "Prince, Bajaj"]
[Black "Liodakis, Konstantinos Spyros"]
[Result "1-0"]
[WhiteElo "2411"]
[BlackElo "2172"]
[PlyCount "127"]
[EventDate "2018.08.05"]
[EventType "swiss"]
[EventRounds "9"]
[EventCountry "GRE"]
[SourceTitle "CBM 186 Extra"]
[Source "ChessBase"]
[SourceDate "2018.08.24"]
[SourceVersion "1"]
[SourceVersionDate "2018.08.24"]
[SourceQuality "1"]

1. e4 e6 2. d4 d5 3. Nc3 h6 4. Bd3 Nf6 5. e5 Nfd7 6. Nce2 c5 7. c3 Nc6 8. f4 Qb6 9. Nf3 cxd4 10. cxd4 Be7 11. h4 Nf8 12. a3 Bd7 13. b4 0-0-0 14. Be3 Kb8 15. Nc3 Rc8 16. Na4 Qd8 17. Nc5 f6 18. Qd2 Be8 19. h5 fxe5 20. fxe5 Bxc5 21. bxc5 Na5 22. Qb4 Bc6 23. Bf4 Nc4 24. Nh4 Qe8 25. g4 Qf7 26. 0-0 Qe7 27. Qe1 Be8 28. Qg3 g5 29. hxg6 Rg8 30. Bxh6 Nxg6 31. Rf6 Ngxe5 32. Bf4 Qxf6 33. Bxc4 Qxf4 34. Qxf4 Rxg4+ 35. Qxg4 Nxg4 36. Be2 Ne3 37. Nf3 Bh5 38. Kf2 Nc2 39. Ra2 Bxf3 40. Rxc2 Be4 41. Rc3 Rf8+ 42. Ke3 Kc7 43. Bg4 Bf5 44. Bf3 Kc6 45. Rc1 Rh8 46. Rg1 Rh2 47. Rg7 Ra2 48. Bh5 Rxa3+ 49. Kf4 Kb5 50. Rxb7+ Kc4 51. c6 Kxd4 52. c7 Rc3 53. Rb4+ Kd3 54. Rb3 Rxb3 55. c8Q Rb4+ 56. Kf3 Be4+ 57. Kg3 e5 58. Qa6+ Kc3 59. Qa1+ Rb2 60. Bd1 Bc2 61. Qa5+ Kc4 62. Be2+ Kd4 63. Qd2+ Ke4 64. Kg4 1-0

[Event "Kavala op 27th"]
[Site "Kavala"]
[Date "2018.08.08"]
[Round "5"]
[White "Liodakis, Konstantinos Spyros"]
[Black "Schitco, Ivan"]
[Result "0-1"]
[WhiteElo "2172"]
[BlackElo "2377"]
[PlyCount "60"]
[EventDate "2018.08.05"]
[EventType "swiss"]
[EventRounds "9"]
[EventCountry "GRE"]
[SourceTitle "CBM 186 Extra"]
[Source "ChessBase"]
[SourceDate "2018.08.24"]
[SourceVersion "1"]
[SourceVersionDate "2018.08.24"]
[SourceQuality "1"]

1. e4 d6 2. d4 Nf6 3. Nc3 g6 4. Nge2 c6 5. g3 Bg7 6. Bg2 0-0 7. a4 Nbd7 8. 0-0 e5 9. h3 Qc7 10. Be3 Re8 11. g4 b6 12. Ng3 Ba6 13. Re1 exd4 14. Bxd4 c5 15. Bxf6 Bxf6 16. e5 Bxe5 17. Bxa8 Rxa8 18. Nd5 Qd8 19. f4 Bxb2 20. Ne7+ Kg7 21. g5 Ne5 22. Nd5 Bb7 23. Kh2 Bxa1 24. Qxa1 Bxd5 25. fxe5 Qxg5 26. Qd1 Bc6 27. Qxd6 Bxa4 28. e6 Rd8 29. Qc7 Rd2+ 30. Kh1 Bc6+ 0-1

[Event "Kavala op 27th"]
[Site "Kavala"]
[Date "2018.08.07"]
[Round "4"]
[White "Gouloutis, Nikolaos"]
[Black "Liodakis, Konstantinos Spyros"]
[Result "0-1"]
[WhiteElo "2391"]
[BlackElo "2172"]
[PlyCount "82"]
[EventDate "2018.08.05"]
[EventType "swiss"]
[EventRounds "9"]
[EventCountry "GRE"]
[SourceTitle "CBM 186 Extra"]
[Source "ChessBase"]
[SourceDate "2018.08.24"]
[SourceVersion "1"]
[SourceVersionDate "2018.08.24"]
[SourceQuality "1"]

1. d4 Nf6 2. c4 g6 3. Nc3 Bg7 4. e4 d6 5. Bd3 0-0 6. Nge2 e5 7. d5 c6 8. 0-0 Na6 9. Ng3 h5 10. Bg5 Qc7 11. Rc1 Nh7 12. Be3 h4 13. Nh1 f5 14. exf5 gxf5 15. f4 Nf6 16. Nf2 Qe7 17. Be2 c5 18. fxe5 dxe5 19. Bg5 Qf7 20. Nd3 h3 21. Nxe5 Qe8 22. Bf4 Ng4 23. Nf3 Ne3 24. Bxe3 Qxe3+ 25. Kh1 Bh6 26. Ra1 hxg2+ 27. Kxg2 Qe8 28. Bd3 Kh8 29. Qe2 Be3 30. Rae1 f4 31. Ng5 Nb4 32. Bb1 Bf5 33. Bxf5 Rxf5 34. h4 Qg6 35. Rf3 Nc2 36. Rh1 Nd4 37. Qd1 Re8 38. Kh3 Rxg5 39. hxg5 Qxg5 40. Kh2 Nxf3+ 41. Qxf3 Re7 0-1

[Event "Paleochora op 11th"]
[Site "Paleochora"]
[Date "2018.07.22"]
[Round "6"]
[White "Gordon, Stephen J"]
[Black "Liodakis, Konstantinos Spyros"]
[Result "1-0"]
[WhiteElo "2539"]
[BlackElo "2183"]
[PlyCount "131"]
[EventDate "2018.07.18"]
[EventType "swiss"]
[EventRounds "9"]
[EventCountry "GRE"]
[SourceTitle "CBM 186 Extra"]
[Source "ChessBase"]
[SourceDate "2018.08.24"]
[SourceVersion "1"]
[SourceVersionDate "2018.08.24"]
[SourceQuality "1"]

1. d4 d5 2. Nf3 Nf6 3. c4 c6 4. e3 e6 5. Bd3 dxc4 6. Bxc4 b5 7. Bd3 a6 8. a4 Bb7 9. e4 Be7 10. 0-0 0-0 11. Qc2 h6 12. Rd1 Nbd7 13. Qe2 Re8 14. e5 Nd5 15. Qe4 Nf8 16. Qg4 Kh8 17. Nc3 Nxc3 18. bxc3 Qc7 19. Nd2 c5 20. Ne4 c4 21. Bc2 Ng6 22. Qh5 Kh7 23. Nf6+ Bxf6 24. exf6 Rh8 25. fxg7 Kxg7 26. Be3 Rae8 27. axb5 axb5 28. Bxg6 fxg6 29. Qxb5 Bd5 30. Qb2 Rhf8 31. Qd2 g5 32. f3 Rf6 33. Bf2 Qf4 34. Ra7+ Rf7 35. Qxf4 gxf4 36. Rxf7+ Kxf7 37. Be1 Kf6 38. Bd2 Kf5 39. Ra1 Ra8 40. Re1 Ra3 41. Re5+ Kg6 42. h4 Ra1+ 43. Kh2 Ra2 44. h5+ Kf6 45. Re2 Rb2 46. Kh3 e5 47. dxe5+ Kf5 48. g4+ fxg3 49. Kxg3 Bf7 50. Rh2 Ra2 51. f4 Bd5 52. Re2 Be6 53. Kf3 Ra1 54. Rh2 Rg1 55. Ke3 Kg4 56. Ke4 Bf5+ 57. Kd5 Rd1 58. e6 Kg3 59. e7 Bd7 60. Re2 Kf3 61. Re3+ Kxf4 62. Rd3+ Kf5 63. Rd4 Rf1 64. Bxh6 Be8 65. Kd6 Bxh5 66. Rd5+ 1-0

[Event "Paleochora op 11th"]
[Site "Paleochora"]
[Date "2018.07.20"]
[Round "4"]
[White "Samakas, Anastasios"]
[Black "Liodakis, Konstantinos Spyros"]
[Result "1/2-1/2"]
[WhiteElo "1897"]
[BlackElo "2183"]
[PlyCount "127"]
[EventDate "2018.07.18"]
[EventType "swiss"]
[EventRounds "9"]
[EventCountry "GRE"]
[SourceTitle "CBM 186 Extra"]
[Source "ChessBase"]
[SourceDate "2018.08.24"]
[SourceVersion "1"]
[SourceVersionDate "2018.08.24"]
[SourceQuality "1"]

1. d4 Nf6 2. Nf3 g6 3. Nc3 d5 4. h3 Bg7 5. Bf4 0-0 6. e3 c5 7. Be2 Nc6 8. 0-0 Ne4 9. Rb1 a6 10. Ne5 Nxc3 11. bxc3 Nxe5 12. dxe5 b5 13. Bf3 Be6 14. a4 Rb8 15. axb5 axb5 16. Qd3 Qc7 17. Bxd5 Rfd8 18. e4 Bxd5 19. exd5 Bxe5 20. Bxe5 Qxe5 21. Rfe1 Qxd5 22. Qxd5 Rxd5 23. Rxe7 c4 24. Rc7 Re8 25. Kf1 Rd2 26. Re1 Rxe1+ 27. Kxe1 Rxc2 28. Rb7 Rb2 29. Kf1 Kg7 30. g3 Kf6 31. Kg2 h5 32. h4 Rb3 33. Kf1 Rb2 34. Kg2 Ke6 35. Kf3 f6 36. Ke3 Ke5 37. f3 g5 38. hxg5 fxg5 39. Rc7 Rg2 40. Rc5+ Kf6 41. Rxb5 Rxg3 42. Kf2 h4 43. Rc5 g4 44. fxg4 Rxc3 45. Ke2 h3 46. Kd2 Rg3 47. Rh5 Kg6 48. Kc2 Rg2+ 49. Kc3 h2 50. Kb4 Rc2 51. Ka3 Kf6 52. Kb4 Ke6 53. Ka3 Kd6 54. Kb4 Kc6 55. Ka3 Rg2 56. Kb4 Rxg4 57. Rxh2 Kd5 58. Kc3 Rg3+ 59. Kc2 Kd4 60. Rh4+ Kc5 61. Rh8 Rf3 62. Rc8+ Kd4 63. Rd8+ Ke5 64. Re8+ 1/2-1/2

[Event "GRE-chT 46th"]
[Site "Rio Achaia"]
[Date "2018.07.12"]
[Round "4.4"]
[White "Liodakis, Konstantinos Spyros"]
[Black "Tsomis, Dimitrios"]
[Result "1-0"]
[WhiteElo "2183"]
[BlackElo "1938"]
[PlyCount "61"]
[EventDate "2018.07.10"]
[EventType "team"]
[EventRounds "7"]
[EventCountry "GRE"]
[SourceTitle "CBM 185 Extra"]
[Source "ChessBase"]
[SourceDate "2018.07.29"]
[SourceVersion "1"]
[SourceVersionDate "2018.07.29"]
[SourceQuality "1"]
[WhiteTeam "Chania"]
[BlackTeam "Piraikos"]
[WhiteTeamCountry "GRE"]
[BlackTeamCountry "GRE"]

1. e4 c5 2. Nf3 d6 3. d4 cxd4 4. Nxd4 Nf6 5. Nc3 a6 6. Bg5 Nbd7 7. Bc4 Qc7 8. Qe2 h6 9. Bh4 g5 10. Bg3 Ne5 11. Bb3 e6 12. 0-0-0 Bd7 13. h4 Rg8 14. hxg5 hxg5 15. Nf3 Nfg4 16. Nxe5 Nxe5 17. Rh7 Be7 18. Bxe5 dxe5 19. Rxd7 Qxd7 20. Ba4 b5 21. Nxb5 0-0-0 22. Nc3 Qd6 23. Rxf7 Rh8 24. Nd1 Rh1 25. c3 g4 26. Rg7 Bf8 27. Qc4+ Kb8 28. Qb3+ Qb4 29. cxb4 Bxg7 30. Qxe6 Bh6+ 31. Kb1 1-0

[Event "GRE-chT 46th"]
[Site "Rio Achaia"]
[Date "2018.07.11"]
[Round "2.4"]
[White "Mihopoulos, Konstantinos"]
[Black "Liodakis, Konstantinos Spyros"]
[Result "1-0"]
[WhiteElo "2097"]
[BlackElo "2183"]
[PlyCount "76"]
[EventDate "2018.07.10"]
[EventType "team"]
[EventRounds "7"]
[EventCountry "GRE"]
[SourceTitle "CBM 185 Extra"]
[Source "ChessBase"]
[SourceDate "2018.07.29"]
[SourceVersion "1"]
[SourceVersionDate "2018.07.29"]
[SourceQuality "1"]
[WhiteTeam "3 Stars 89"]
[BlackTeam "Chania"]
[WhiteTeamCountry "GRE"]
[BlackTeamCountry "GRE"]

1. d4 e6 2. Nf3 c5 3. e4 cxd4 4. Nxd4 a6 5. Nc3 b5 6. Bd3 Bb7 7. 0-0 d6 8. Be3 Nf6 9. a3 Be7 10. f4 Nbd7 11. Kh1 Qc7 12. Qe2 Rc8 13. Rf3 Qb8 14. Rg3 g6 15. Bd2 Nc5 16. Rf1 Qa8 17. e5 Nh5 18. Rh3 dxe5 19. fxe5 Ng7 20. Bh6 Nf5 21. Bxf5 gxf5 22. Rg3 Rd8 23. Nb3 Ne4 24. Nxe4 Bxe4 25. Qh5 Qd5 26. Nc1 Bxc2 27. Ne2 Bd1 28. Rg7 Rf8 29. Rxh7 Bxe2 30. Qxe2 Rg8 31. Rg7 Rxg7 32. Bxg7 Qd3 33. Qe1 Rd4 34. h3 Bg5 35. Bf6 Bd2 36. Qd1 Qc4 37. Qf3 Re4 38. Rd1 Bf4 1-0

[Event "EU-Cup 32nd"]
[Site "Novi Sad"]
[Date "2016.11.12"]
[Round "7.3"]
[White "Liodakis, Konstantinos Spyros"]
[Black "Georgiadis, Ioannis"]
[Result "0-1"]
[WhiteElo "2175"]
[BlackElo "2479"]
[PlyCount "70"]
[EventDate "2016.11.06"]
[EventType "team-swiss"]
[EventRounds "7"]
[EventCountry "SRB"]
[SourceTitle "CBM 176"]
[Source "ChessBase"]
[SourceDate "2017.01.17"]
[SourceVersion "1"]
[SourceVersionDate "2017.01.17"]
[SourceQuality "1"]
[WhiteTeam "Chania Chess Academy"]
[BlackTeam "Riehen"]
[WhiteTeamCountry "GRE"]
[BlackTeamCountry "SUI"]

1. e4 c5 2. Nf3 d6 3. c3 Nf6 4. h3 Nc6 5. d4 cxd4 6. cxd4 Nxe4 7. d5 Qa5+ 8. Nc3 Nxc3 9. bxc3 Nb8 10. Rb1 Nd7 11. Be2 a6 12. 0-0 g6 13. c4 Bg7 14. Bg5 Nf6 15. Re1 0-0 16. Bd3 Re8 17. Qb3 Nd7 18. Bc2 Nc5 19. Qb6 Qxb6 20. Rxb6 Kf8 21. Nd2 Nd7 22. Rb3 b5 23. cxb5 axb5 24. Rxb5 Rxa2 25. Bb1 Ra8 26. Rc1 Nc5 27. Be3 Bd7 28. Rb4 Reb8 29. Rh4 h5 30. Bxc5 dxc5 31. Bd3 Bh6 32. Rc2 Ra1+ 33. Nf1 Rd1 34. Bc4 Bf5 35. Rc3 Bg5 0-1

[Event "EU-Cup 32nd"]
[Site "Novi Sad"]
[Date "2016.11.06"]
[Round "1.3"]
[White "Djordjevic, Vuk D"]
[Black "Liodakis, Konstantinos Spyros"]
[Result "1-0"]
[WhiteElo "2432"]
[BlackElo "2175"]
[PlyCount "73"]
[EventDate "2016.11.06"]
[EventType "team-swiss"]
[EventRounds "7"]
[EventCountry "SRB"]
[SourceTitle "CBM 176"]
[Source "ChessBase"]
[SourceDate "2017.01.17"]
[SourceVersion "1"]
[SourceVersionDate "2017.01.17"]
[SourceQuality "1"]
[WhiteTeam "Jelica Goracici"]
[BlackTeam "Chania Chess Academy"]
[WhiteTeamCountry "SRB"]
[BlackTeamCountry "GRE"]

1. d4 e6 2. Nf3 Nf6 3. Bg5 c5 4. e3 Qb6 5. Qc1 Nc6 6. c3 h6 7. Bxf6 gxf6 8. Nbd2 d5 9. g3 e5 10. e4 cxd4 11. exd5 dxc3 12. bxc3 Na5 13. Bd3 Bc5 14. Ne4 Bg4 15. Rb1 Qd8 16. Nfd2 f5 17. Bb5+ Ke7 18. Nxc5 Qxd5 19. f3 Rhd8 20. Be2 Rac8 21. Nd3 Bh3 22. Nf2 Qxa2 23. Rb2 Qd5 24. Nxh3 e4 25. fxe4 fxe4 26. Nf4 Qc6 27. 0-0 Qc5+ 28. Kh1 Qe3 29. Nxe4 Qxe4+ 30. Bf3 Qc4 31. Re2+ Kf6 32. Nh5+ Kg6 33. Qc2+ f5 34. g4 Rc5 35. gxf5+ Kf7 36. Qc1 Rd6 37. Qe3 1-0

[Event "Anogia op 5th"]
[Site "Anogia"]
[Date "2016.07.18"]
[Round "8"]
[White "Maris, Ioannis"]
[Black "Liodakis, Konstantinos Spyros"]
[Result "0-1"]
[WhiteElo "1994"]
[BlackElo "2173"]
[PlyCount "62"]
[EventDate "2016.07.12"]
[EventType "swiss"]
[EventRounds "9"]
[EventCountry "GRE"]
[SourceTitle "CBM 173 Extra"]
[Source "ChessBase"]
[SourceDate "2016.08.29"]
[SourceVersion "1"]
[SourceVersionDate "2016.08.29"]
[SourceQuality "1"]

1. d4 e6 2. Nf3 c5 3. c4 Nf6 4. g3 d5 5. cxd5 exd5 6. dxc5 Bxc5 7. Bg2 Nc6 8. 0-0 h6 9. Bf4 0-0 10. Nc3 a6 11. Rc1 Ba7 12. a3 Re8 13. b4 Bg4 14. b5 Na5 15. bxa6 bxa6 16. Ne5 Be6 17. Qa4 Rc8 18. Rfd1 d4 19. Nc6 Nxc6 20. Bxc6 Qb6 21. Bxe8 dxc3 22. Be3 Qb7 23. Bxa7 Rxe8 24. Qd4 Bh3 25. f3 Rxe2 26. Rxc3 Rg2+ 27. Kh1 Ng4 28. Qd8+ Kh7 29. Qd3+ g6 30. Bg1 Qb2 31. Rc2 Rxc2 0-1

[Event "Anogia op 5th"]
[Site "Anogia"]
[Date "2016.07.17"]
[Round "7"]
[White "Liodakis, Konstantinos Spyros"]
[Black "Markidis, Konstantinos"]
[Result "0-1"]
[WhiteElo "2173"]
[BlackElo "2359"]
[PlyCount "58"]
[EventDate "2016.07.12"]
[EventType "swiss"]
[EventRounds "9"]
[EventCountry "GRE"]
[SourceTitle "CBM 173 Extra"]
[Source "ChessBase"]
[SourceDate "2016.08.29"]
[SourceVersion "1"]
[SourceVersionDate "2016.08.29"]
[SourceQuality "1"]

1. e4 e5 2. Nf3 Nc6 3. Bc4 Bc5 4. b4 Bxb4 5. c3 Ba5 6. d4 d6 7. Qb3 Qd7 8. dxe5 Bb6 9. a4 Na5 10. Qa2 Nxc4 11. Qxc4 Ne7 12. Ba3 0-0 13. 0-0 Ng6 14. exd6 Re8 15. dxc7 Nf4 16. Nbd2 Qg4 17. g3 Be6 18. Qb5 Bd7 19. Qb3 Ne2+ 20. Kg2 Bc6 21. Bd6 Rxe4 22. a5 Re6 23. h3 Qg6 24. axb6 Rxd6 25. bxa7 b5 26. Kh2 Qf5 27. Rfe1 Rxd2 28. c8Q+ Rxc8 29. c4 Nd4 0-1

[Event "GRE-chT 44th"]
[Site "Achaia"]
[Date "2016.07.09"]
[Round "6.5"]
[White "Liodakis, Konstantinos Spyros"]
[Black "Eleftherakis, Panagiotis"]
[Result "1-0"]
[WhiteElo "2173"]
[BlackElo "1731"]
[PlyCount "57"]
[EventDate "2016.07.05"]
[EventType "team-swiss"]
[EventRounds "7"]
[EventCountry "GRE"]
[SourceTitle "CBM 173 Extra"]
[Source "ChessBase"]
[SourceDate "2016.08.29"]
[SourceVersion "1"]
[SourceVersionDate "2016.08.29"]
[SourceQuality "1"]
[WhiteTeam "Chania Chess Academy"]
[BlackTeam "Heraklion CN"]
[WhiteTeamCountry "GRE"]
[BlackTeamCountry "GRE"]

1. e4 Nf6 2. e5 Nd5 3. d4 d6 4. Nf3 Bg4 5. Be2 e6 6. 0-0 Be7 7. c4 Nb6 8. Be3 Nc6 9. exd6 cxd6 10. b3 0-0 11. Nc3 d5 12. c5 Nd7 13. b4 Bf6 14. Qd2 Ne7 15. Bg5 Nf5 16. Bxf6 Nxf6 17. h3 Bxf3 18. Bxf3 b6 19. Na4 bxc5 20. Nxc5 a5 21. b5 Nd6 22. Rfb1 Rb8 23. a4 Nc4 24. Qc3 Ne8 25. b6 Ned6 26. b7 Qe7 27. Rb3 Rxb7 28. Nxb7 Nxb7 29. Rxb7 1-0